Julio Puig (Record no. 45636)

MARC details
000 -LEADER
campo de control de longitud fija 00543nam a2200193 i 4500
001 - NÚMERO DE CONTROL
campo de control 45636
003 - IDENTIFICADOR DE NÚMERO DE CONTROL
campo de control ES-MaACL
005 - FECHA Y HORA DE LA ÚLTIMA TRANSACCIÓN
campo de control 20250822063117.0
007 - CAMPO FIJO DE DESCRIPCIÓN FÍSICA--INFORMACIÓN GENERAL
campo de control de longitud fija t|
008 - DATOS DE LONGITUD FIJA--INFORMACIÓN GENERAL
campo de control de longitud fija 030326s1968 sp ||||1|bspa d
080 ## - NÚMERO DE LA CLASIFICACIÓN DECIMAL UNIVERSAL
Número de la Clasificación Decimal Universal 929:86 Puig, Julio
100 1# - ENTRADA PRINCIPAL--NOMBRE DE PERSONA
Nombre de persona Coloma Payá, Rafael
9 (RLIN) 156348
245 10 - MENCIÓN DEL TÍTULO
Título Julio Puig
Resto del título : un poeta liberal /
Mención de responsabilidad, etc. Rafael Coloma.
260 ## - PUBLICACIÓN, DISTRIBUCIÓN, ETC.
Lugar de publicación, distribución, etc. Alcoy :
Nombre del editor, distribuidor, etc. [s.n.],
Fecha de publicación, distribución, etc. 1968 (
Fabricante Imp. La Victoria)
300 ## - DESCRIPCIÓN FÍSICA
Extensión 83 p. ;
Dimensiones 21 cm.
600 14 - PUNTO DE ACCESO ADICIONAL DE MATERIA--NOMBRE DE PERSONA
Nombre de persona Puig, Julio.
9 (RLIN) 156349
852 ## - LOCALIZACIÓN
Ubicación ES-MaACL
Número de control de estantería C-35432
Holdings
Estatus retirado Estado de pérdida Estado de daño No para préstamo Biblioteca de origen Biblioteca actual Ubicación en estantería Fecha de adquisición Fuente de adquisición Total de préstamos Signatura topográfica completa Código de barras Visto por última vez Precio de reemplazo Tipo de ítem Koha
        Biblioteca del Ateneo de Madrid Biblioteca del Ateneo de Madrid Depósito 2 17/01/2008     C-35432 1048013 23/02/2023 23/02/2023 Libro impreso